| 000 | 00909cab a2200265 4500 | ||
|---|---|---|---|
| 001 | ABS56495 | ||
| 008 | 090401t1997 xxu||||| |||| 00| 0 eng d | ||
| 035 | _a(Sirsi) u24064 | ||
| 041 | _aeng | ||
| 100 | _aAcheson, G. | ||
| 245 | _aToo little too late | ||
| 260 | _c1997 | ||
| 350 | _a0 | ||
| 490 |
_aEstates Gazette _v(9703) 18 January 1997, 132-134(3) |
||
| 520 | _aFinds that the abolition of privity of contract and subsequent measures made in the Landlord and Tenant (Covenants) Act 1995 have put business tenants who take a new lease in a significantly worse position than they were a year ago. | ||
| 650 | _aAUTHORISED GUARANTEE AGREEMENTS | ||
| 650 | _aCOVENANTS | ||
| 650 | _aLANDLORD AND TENANT (COVENANTS) ACT 1995 | ||
| 650 | _aLEASES | ||
| 650 | _aPRIVITY OF CONTRACT | ||
| 650 | _aRENT REVIEWS | ||
| 690 | _aPROPERTY-LANDLORD AND TENANT | ||
| 942 | _n0 | ||
| 948 | _c04/03/1997 | ||
| 999 |
_c16117 _d16117 |
||